| 000 | 02023nam a2200421 i 4500 | ||
|---|---|---|---|
| 001 | ebr10756810 | ||
| 003 | CaPaEBR | ||
| 006 | m o d | ||
| 007 | cr cn||||||||| | ||
| 008 | 130506t20132013enkad ob 001 0 eng|d | ||
| 020 | _z9781118473405 (cloth) | ||
| 020 | _a9781118473375 (e-book) | ||
| 040 |
_aCaPaEBR _beng _erda _epn _cCaPaEBR |
||
| 035 | _a(OCoLC)861528879 | ||
| 050 | 1 | 4 |
_aRM171.4 _b.B56 2013eb |
| 082 | 0 | 4 |
_a616.02/774 _223 |
| 245 | 0 | 0 |
_aBlood and marrow transplantation long-term management : _bprevention and complications / _cedited by Bipin N. Savani. |
| 264 | 1 |
_aChichester, West Sussex, UK : _bJohn Wiley & Sons, _c[2013] |
|
| 264 | 4 | _c�2013 | |
| 300 |
_a1 online resource (416 pages) : _bcolor illustrations |
||
| 336 |
_atext _2rdacontent |
||
| 337 |
_acomputer _2rdamedia |
||
| 338 |
_aonline resource _2rdacarrier |
||
| 504 | _aIncludes bibliographical references and index. | ||
| 505 | 0 | _asection 1. Late effects concepts -- section 2. Management -- section 3. Supportive care for long-term survivors after HSCT. | |
| 588 | _aDescription based on print version record. | ||
| 590 | _aElectronic reproduction. Palo Alto, Calif. : ebrary, 2013. Available via World Wide Web. Access may be limited to ebrary affiliated libraries. | ||
| 650 | 0 |
_aHematopoietic stem cells _xTransplantation. |
|
| 650 | 0 |
_aBone marrow _xTransplantation. |
|
| 650 | 0 |
_aHematopoietic stem cells _xTransplantation _xComplications. |
|
| 650 | 0 |
_aBone marrow _xTransplantation _xComplications. |
|
| 650 | 0 | _aLong-term care of the sick. | |
| 655 | 0 | _aElectronic books. | |
| 700 | 1 | _aSavani, Bipin N. | |
| 776 | 0 | 8 |
_iPrint version: _tBlood and marrow transplantation long-term management : prevention and complications. _dChichester, West Sussex, UK : John Wiley & Sons, [2013] _hxv, 398 pages _z9781118473405 _w(DNLM)101607589 _w(DLC) 2013018410 |
| 797 | 2 | _aebrary. | |
| 856 | 4 | 0 |
_uhttp://site.ebrary.com/lib/rucke/Doc?id=10756810 _zAn electronic book accessible through the World Wide Web; click to view |
| 999 |
_c118442 _d118442 |
||